Normal view
MARC view
- Kumar Varinder and Raj Bodh
Entry Personal Name
001 - CONTROL NUMBER
- control field: 40333
003 - CONTROL NUMBER IDENTIFIER
- control field: OSt
005 - DATE AND TIME OF LATEST TRANSACTION
- control field: 20260509164551.0
008 - FIXED-LENGTH DATA ELEMENTS
- fixed length control field: 260509|| aca||aabn | a|a d
040 ## - CATALOGING SOURCE
- Original cataloging agency: OSt
- Transcribing agency: OSt
100 ## - HEADING--PERSONAL NAME
- Personal name: Kumar Varinder and Raj Bodh
670 ## - SOURCE DATA FOUND
- Source citation: Work cat.: (OSt)90298: Kumar Varinder and Raj Bodh , Communication Skills ( For Students of B.Sc. Agriculture ) , 2025




